000 00386nam a2200133Ia 4500
008 220216s9999 xx 000 0 und d
100 _aSharp C C T
245 0 _aProgress of breeding investigations with Hevea brasiliensis
260 _bJournal of the Rubber Research Institute of Malaya
_c1940
300 _a34-66
650 _aBreeding
650 _aHevea brasiliensis
942 _cJS
999 _c65907
_d65907